Top 50 US - International flight connections (hard) - Statistics

General Stats
  • This quiz has been taken 150 times
    125 since last reset
  • The average score is 21 of 50
Answer Stats
Hint Answer % Correct
2,961,383 New York (JFK) - London Heathrow
94%
1,180,227 Los Angeles (LAX) - Tokyo Narita
80%
1,386,709 New York (JFK) - Paris
80%
871,372 Boston (Logan) - London (Heathrow)
73%
750,562 New York (JFK) - Frankfurt, Germany
72%
1,145,084 Chicago O'Hare - London Heathrow
68%
638,604 New York (JFK) - Madrid, Spain
68%
1,085,106 New York (La Guardia) - Toronto
68%
610056 New York (JFK) - Amsterdam
67%
1,432,153 Los Angeles (LAX) - London Heathrow
61%
767,994 Los Angeles (LAX) - Mexico City
60%
613,757 New York (JFK) - Tokyo Narita
60%
1,067,179 Los Angeles (LAX) - Sydney
59%
606,121 San Francisco - Tokyo Narita
57%
998,493 Los Angeles (LAX) - Seoul (Incheon)
56%
645,879 New York (JFK) - Dubai
56%
902,878 Washington (Dulles) - London (Heathrow)
56%
648,595 Chicago O'Hare - Toronto
50%
974,515 Miami - London Heathrow
50%
752,938 Los Angeles (LAX) - Vancouver, Canada
48%
705,266 Miami - Mexico City
45%
619,174 Houston Intertcontinental - Mexico City
44%
985,470 Miami - Sao Paulo, Brazil
44%
951,706 San Francisco - London Heathrow
43%
605,607 Atlanta - Paris
40%
644,846 Dallas/Fort Worth - London Heathrow
40%
685,853 New York (JFK) - Sao Paulo, Brazil
40%
733,986 Miami - Bogota, Colombia
38%
790,707 Miami - Buenos Aires, Argentina
38%
717,393 San Francisco - Seoul (Incheon)
38%
1,142,192 Newark Intl - London Heathrow
37%
621,144 Chicago O'Hare - Frankfurt, Germany
33%
635,164 Orlando - London Gatwick
33%
1,496,581 Honolulu - Tokyo Narita
32%
688,344 Miami - Lima, Peru
32%
868,017 San Francisco - Hong Kong
30%
881,530 Los Angeles (LAX) - Taipei, Taiwan
29%
613,486 Chicago O'Hare - Tokyo Narita
24%
904,175 Miami - Caracas, Venezuela
24%
656,994 Atlanta - Cancun, Mexico
23%
678,002 Miami - Panama City, Panama
23%
703,923 New York (JFK) - Santo Domingo, Dominican Republic
23%
668,725 New York (JFK) - Tel Aviv (Ben Gurion)
22%
614,583 Dallas/Fort Worth - Cancun, Mexico
18%
632,654 Detroit - Amsterdam
15%
774,531 New York (JFK) - Santiago (Cibao), Dominican Republic
12%
740,325 Los Angeles (LAX) - Guadalajara, Mexico
10%
639,685 San Francisco - Frankfurt, Germany
10%
956,284 Guam - Tokyo Narita
7%
595,546 Houston - Frankfurt, Germany
1%
No matching quizzes found
Score Distribution
Percent of People with Each Score
Percentile by Number Answered
Your Score History
You have not taken this quiz since the last reset